00689 a2200169 4500003000500000005001700005020001500022040000900037082001500046100001900061245010400080260003500184300002400219505024400243600001900487650001300506Nust20230404104700.0 a0283989041 cNust a909.82,NIX aNixon, Richard aLeaders: bProfiles and reminiscences about men who have shaped the modern world / cRichard Nixon, aWarner Book , IncbU.S.Ac1982 a371 pbillusc19 cm aThey Made a Differences (Page-1), Winston Churchill (Page-7), Charles de Gaulle (Page-40), Douglas MacArthur and Shigeru Yoshida (Page-81), Konrad Adenauer (Page-133), Zhou Enlai (Page-217), A New World (Page-249), In the Arena (Page-320). aNixon, Richard aLeaders;